Glamsters / written by Elizabeth Cody Kimmel ; ... Read More
Available copies
- 3 of 3 copies available at LARL/NWRL Consortium. (Show)
- 1 of 1 copy available at Northwest Regional Library.
Current holds
0 current holds with 3 total copies.
Show Only Available Copies
| Location | Call Number / Copy Notes | Barcode | Shelving Location | Status | Due Date |
|---|---|---|---|---|---|
| Godel Memorial-Warren Library | e KIM (Text) | 35500006263717 | Main | Available | - |
Record details
- ISBN: 9781423111481
- ISBN: 1423111486
- ISBN: 9780545514446 (Scholastic pbk.)
- Physical Description: 1 v. (unpaged) : col. ill. ; 24 x 29 cm.
- Edition: 1st ed.
- Publisher: New York : Hyperion Books for Children, 2008.
Content descriptions
| Summary, etc.: | Harriet the hamster is desperate to be adopted, so ... Read More |
Search for related items by subject
| Subject: | Hamsters > Fiction. Self-perception > Fiction. Self-confidence > Fiction. |
| LDR | 01386cam a22003498a 4500 | ||
|---|---|---|---|
| 001 | 101296 | ||
| 003 | LARL_NWRL_CONSORTIUM | ||
| 005 | 20200203172358.0 | ||
| 008 | 080814s2008 nyu b 000 1 eng | ||
| 010 | . | ‡a2008029692 | |
| 020 | . | ‡a9781423111481 | |
| 020 | . | ‡a1423111486 | |
| 020 | . | ‡a9780545514446 (Scholastic pbk.) | |
| 035 | . | ‡a(OCoLC)191931153 | |
| 040 | . | ‡aDLC ‡cDLC ‡dBTCTA ‡dBAKER ‡dOCO ‡dABG ‡dEHH | |
| 042 | . | ‡alcac | |
| 082 | 0 | 0. | ‡a[E] ‡222 |
| 100 | 1 | . | ‡aKimmel, Elizabeth Cody. ‡0(LARL_NWRL_CONSORTIUM)123717 |
| 245 | 1 | 0. | ‡aGlamsters / ‡cwritten by Elizabeth Cody Kimmel ; illustrated by Jackie Urbanovic. |
| 250 | . | ‡a1st ed. | |
| 260 | . | ‡aNew York : ‡bHyperion Books for Children, ‡c2008. | |
| 300 | . | ‡a1 v. (unpaged) : ‡bcol. ill. ; ‡c24 x 29 cm. | |
| 520 | . | ‡aHarriet the hamster is desperate to be adopted, so she gives her sister Patricia and herself glamorous makeovers in hopes they will get more attention when Hamster World has its huge annual sale. | |
| 650 | 1. | ‡aHamsters ‡vFiction. | |
| 650 | 1. | ‡aSelf-perception ‡vFiction. ‡0(LARL_NWRL_CONSORTIUM)167332 | |
| 650 | 1. | ‡aSelf-confidence ‡vFiction. | |
| 700 | 1 | . | ‡aUrbanovic, Jackie. ‡0(LARL_NWRL_CONSORTIUM)74419 |
| 901 | . | ‡a101296 ‡bOCLC ‡c101296 ‡tbiblio | |

Add to basket
Permalink
Enable Highlighting